| 000 | 00324nam a2200121Ia 4500 | ||
|---|---|---|---|
| 008 | 150202s9999 xx 000 0 und d | ||
| 050 |
_aFIC _bFIC |
||
| 100 | _aPollock, Ted. | ||
| 245 | 4 |
_aThe rainbow man / _cTed Pollock. |
|
| 260 |
_aLondon : _bSphere Books, _c1978. |
||
| 300 |
_a313 pages : _c18 cm. |
||
| 650 | _aFiction. | ||
| 999 |
_c282332 _d282332 |
||